Our business and economic world / (Record no. 955)

MARC details
000 -LEADER
fixed length control field 00424nam a2200169Ia 4500
020 ## - INTERNATIONAL STANDARD BOOK NUMBER
ISBN 0395390591
050 ## - CALL NUMBER
Classification number HF3506
Item number .B76
100 1# - AUTHOR
Personal name Brown Betty J.
100 1# - AUTHOR
Personal name Clow, John E.
245 10 - TITLE
Title Our business and economic world /
Statement of responsibility, etc Brown, Betty J.
250 ## - EDITION
Edition statement 2nd ed.
260 ## - PUBLICATION INFORMATION
Place of publication Ohio :
Name of publisher Macmillan,
Year of publication 1987.
300 ## - DESCRIPTION
Number of Pages x,662 p. :
Other physical details ill.
500 ## - NOTES
General note Includes index
650 #0 - SUBJECTS
Topical Term Managerial economics.
942 ## - ADDED ENTRY ELEMENTS (KOHA)
Koha item type Books
Holdings
Withdrawn status Lost status Home library Current library Date acquired Full call number Accession Number Koha item type
    Methodist University Library Wenchi Faculty Methodist University Library Wenchi Faculty 17/11/2017 HF3506 .B76 35055 Books
Copyright © 2026  MUG Library